Bezpečnostné aspekty stabilných hasiacich zariadení pre vysokonapäťové transformátory a energetické zariadenia

Salvato in:
Dettagli Bibliografici
Autore principale: Nádaský, Mário (Autore)
Altri autori: Rusko, Miroslav (Relatore della tesi)
Natura: Manoscritto Libro
Lingua:slovacco
Pubblicazione: 2018
Soggetti:
Accesso online:http://is.stuba.sk/zp/portal_zp.pl?podrobnosti=138875
Tags: Aggiungi Tag
Nessun Tag, puoi essere il primo ad aggiungerne!!

MARC

LEADER 00000ntm a22000003a 4500
001 stuzp69511
003 SK-STU
005 20180820161534.6
007 ta
008 150427s2015----xo-----f-mn---000-0-slo-d
040 |a STU  |b slo 
041 0 |a slo 
100 1 |a Nádaský, Mário  |u 065000  |4 aut  |U MTF Materiálovotechnologická fakulta  |T MTF Ústav integrovanej bezpečnosti  |X 65651  |U M5000  |Y 85  |7 65651 
242 0 1 |a Safety aspects of fire extinguishing equipments for high-voltage transformers and power equipments  |y eng 
245 1 0 |a Bezpečnostné aspekty stabilných hasiacich zariadení pre vysokonapäťové transformátory a energetické zariadenia 
260 |c 2018 
650 4 |a stabilné hasiace zariadenie  |2 slo 
650 4 |a transformátor  |2 slo 
650 4 |a elektrické napätie  |2 slo 
650 4 |a stable extinguisher  |2 eng 
650 4 |a transformer  |2 eng 
650 4 |a electrical voltage  |2 eng 
700 1 |a Rusko, Miroslav  |u 065200  |k Z1  |4 ths  |U MTF Ústav integrovanej bezpečnosti  |T MTF Katedra bezpečnostného inžinierstva  |X 2796  |U M5200  |Y 192  |7 A000002796 
856 4 |u http://is.stuba.sk/zp/portal_zp.pl?podrobnosti=138875 
996 |c M* DP-13814  |l MMSKP  |s P  |a 0  |w stuzp69511_0001